Od činu k mysleniu esej z porovnávacej psychológie

Saved in:
Bibliographic Details
Main Author: Wallon, H.
Format: Book
Language:Slovak
Published: Bratislava Pravda 1983
Series:Filozofické odkazy
Tags: Add Tag
No Tags, Be the first to tag this record!

MARC

LEADER 00000nam a2200000 4500
001 c132078
005 20190507065226.0
041 0 |a slo 
044 |a SK 
245 1 0 |a Od činu k mysleniu  |b esej z porovnávacej psychológie  |c H. Wallon 
264 1 |a Bratislava  |b Pravda  |c 1983 
300 |a 249 s. 
490 1 |a Filozofické odkazy 
830 0 |a Filozofické odkazy 
100 1 |a Wallon, H.